आविष्कार की ललकः (Record no. 54077)

MARC details
000 -LEADER
fixed length control field 01344nam a22002897a 4500
005 - DATE AND TIME OF LATEST TRANSACTION
control field 20101206113148.0
008 - FIXED-LENGTH DATA ELEMENTS--GENERAL INFORMATION
fixed length control field 101206t xxu||||| |||| 00| 0 hin d
010 ## - LCCN (DPL NO)
LC control number HIN-93284
020 ## - INTERNATIONAL STANDARD BOOK NUMBER
Terms of availability 300.00
035 ## - SYSTEM CONTROL NUMBER
System control number HN-65630
037 ## - SOURCE OF ACQUISITION
Source of stock number/acquisition DBAD/PUB
040 ## - CATALOGING SOURCE
Original cataloging agency DPL
Language of cataloging HN
082 ## - DEWEY DECIMAL CLASSIFICATION NUMBER
Classification number 921
100 ## - MAIN ENTRY--PERSONAL NAME
9 (RLIN) 24598
Personal name मिश्र, विनोद के.
245 ## - TITLE STATEMENT
Title आविष्कार की ललकः
Statement of responsibility, etc विनोद के. मिश्र
Remainder of title एक आविष्कार, उद्यमी, साहित्य साधक एवं समाजसेवी की गौरव गाथा /
246 ## - VARYING FORM OF TITLE
Title proper/short title Aavishkar ki lalak
Remainder of title by Vinod Kumar Mishra
260 ## - PUBLICATION, DISTRIBUTION, ETC. (IMPRINT)
Place of publication, distribution, etc दिल्ली
Name of publisher, distributor, etc आलेख प्रकाशन
Date of publication, distribution, etc 2010
270 ## - ADDRESS
City दिल्ली
Address बी-8, नवीन शाहदरा
Postal code 110032
300 ## - PHYSICAL DESCRIPTION
Extent 175पृ.
Dimensions 22सेमी (सजिल्द)
Other physical details सचित्र
500 ## - GENERAL NOTE
General note समान ISBN 8181871391 हिंदी भाषा तथा भाषाविज्ञान /?
650 ## - SUBJECT ADDED ENTRY--TOPICAL TERM
9 (RLIN) 1169
650 ## - SUBJECT ADDED ENTRY--TOPICAL TERM
9 (RLIN) 29580
700 ## - ADDED ENTRY--PERSONAL NAME
9 (RLIN) 24599
700 ## - ADDED ENTRY--PERSONAL NAME
9 (RLIN) 24924
942 ## - ADDED ENTRY ELEMENTS (KOHA)
Source of classification or shelving scheme Dewey Decimal Classification
Item type Hindi Books
Call number suffix मिश्रवि
Classification part 921
Holdings
Withdrawn status Lost status Source of classification or shelving scheme Damaged status Not for loan Collection code Home library Current library Date acquired Source of acquisition Cost, normal purchase price Total Checkouts Full call number Barcode Date last seen Copy number Cost, replacement price Koha item type
    Dewey Decimal Classification   Not For Loan Non-fiction D.B.Act.Division D.B.Act.Division 20/07/2011 DBAD / PUB 300.00   921 मिश्रवि HN-65630 20/07/2011 1 300.00 Hindi Books

© Delhi Public Library
Hit Counter
free hit counter